| 000 | 00663 a2200193 4500 | ||
|---|---|---|---|
| 001 | 065752 | ||
| 003 | OSt | ||
| 005 | 20251204150111.0 | ||
| 008 | |||
| 082 |
_a519.50285 _bP97S |
||
| 100 | 1 | _aPurohit, Sudha G. | |
| 245 | 1 |
_aStatistics using R _cBy Sudha G. Purihit, Sharad D. Gore And Shailaja R. Deshmukh |
|
| 260 |
_aNew Delhi _bNarosa Publication _c2009 |
||
| 300 | _aV.P. | ||
| 690 | _aMathematical statistics -- Data processing; Statistics -- Data processing; R (Computer program language); R (Lenguaje de programación) R (Programm) | ||
| 700 | _aGore, Sharad D. | ||
| 700 | 1 | _aDeshmukh, Shailaja R. | |
| 942 |
_2ddc _cBK |
||
| 999 |
_c115 _d115 |
||